Heart-Shaped Country Flags Quiz #1 - Statistics

General Stats
  • This quiz has been taken 1,465 times
  • The average score is 19 of 20
Answer Stats
Country % Correct
Brazil
100%
United States
100%
Greece
99%
Australia
97%
China
97%
Saudi Arabia
97%
United Kingdom
97%
Germany
96%
South Africa
96%
Denmark
95%
India
95%
Egypt
94%
Lebanon
94%
Nigeria
94%
Georgia
93%
Serbia
92%
Uruguay
92%
Uganda
89%
Papua New Guinea
85%
Seychelles
85%
No matching quizzes found
Score Distribution
Percent of People with Each Score
Percentile by Number Answered
Your Score History
You have not taken this quiz